1985 1218 1224 1835 1975 1180 1213 1186 1404 1763 1571 1276 1698 1811 1038 1887 1034 1241 1461 1171 1352 1170 1815 1232 1640 1102 1294 1710 1461 1347 1293 1522 1339 1586 1839 1236 1108 1757 1762 1142 1985 1612 1623 1271 1841 1583 1853 1461 1868 1992 1804 1898 1633 1837 1644 1797 1222 1908 1729 1929 1797 1704 1617 1841 1212 1191 1058 1929 1744 1087 1743 1017 1291 1811 1103 1590 1251 1549 1459 1353 1220 1687 1634 1972 1381 1767 1942 1089 1709 1253 1639 1712 1137 1759 1650 1268 1657 1149 1571 BCNSPRNW ULIB Ver.6.0+V

เปลี่ยนเป็นภาษาไทย

Change to English
 แสดงรายละเอียดบรรณานุกรม
  กลับหน้าหลัก

Brief Record : Get Marc (ISO 2709) : E-mail record : QR code < ปิดหน้าต่าง
LEADER : 00000nam 2200000uu 4500
001    13399120035
003     ULIB
008    120822s2554||||th 000 0 tha d
020    ^a9786167375656
060  4 ^aWF225^bว473C
100 0  ^aวิวัฒนา ถนอมเกียรติ
245 10 ^aChest X-ray : กรณีศึกษา clinicopathological correlation และความคิดเชิงพิจารณ์ Diffuse lung disease เล่ม 1 /^cวิวัฒนา ถนอมเกียรติ
250    ^aพิมพ์ครั้งที่ 1
260    ^aสงขลา :^bชานเมืองการพิมพ์;^c2554
300    ^a96 หน้า:^bภาพประกอบ;^c26ซม.
650  7 ^aDiagnostic Imaging
650  7 ^aRadiography
650  7 ^aทรวงอก^xการบันทึกภาพด้วยรังสี
650  7 ^aทรวงอก^xการถ่ายเอ็กซเรย์ก้อนในทรวงอก
945    ^p220^l0^i032533
945    ^p220^l0^i032534
945    ^p220^l0^i032535
945    ^p220^l0^i032536
995    ^aเกษร
999 ^a ใช้งานได้ทุกระบบ
รายการนี้ยังไม่มีแท็ก
คุณยังไม่ได้ล็อกอิน คุณสามารถมีกิจกรรมร่วมกับเว็บไซต์ได้ แต่ต้องล็อกอินก่อน ::
  ล็อกอิน

รายการสื่อสารสนเทศ

ลำดับที่ ประเภท เลขเรียก/บาร์โค้ด สถานที่ สถานะ
1. วิทยาศาสตร์การแพทย์ และสุขภาพ
หนังสือสำรอง
สถานะ=หนังสือสำรอง
WF225 ว473C ฉ.1 
  Barcode: 032533
ห้องสมุดวิทยาเขตสวรรค์ประชารักษ์
►ส่วนจัดเก็บหนังสือเก่า สปร
บนชั้น
  ขอยืม
2. วิทยาศาสตร์การแพทย์ และสุขภาพ
วิทยาศาสตร์การแพทย์ และสุขภาพ
WF225 ว473C ฉ.2 
  Barcode: 032534
ห้องสมุดวิทยาเขตสวรรค์ประชารักษ์
►ส่วนจัดเก็บหนังสือเก่า สปร
บนชั้น
  ขอยืม
3. วิทยาศาสตร์การแพทย์ และสุขภาพ
วิทยาศาสตร์การแพทย์ และสุขภาพ
WF225 ว473C ฉ.3 
  Barcode: 032535
ห้องสมุดวิทยาเขตสวรรค์ประชารักษ์
►ส่วนจัดเก็บหนังสือเก่า สปร
บนชั้น
  ขอยืม
4. วิทยาศาสตร์การแพทย์ และสุขภาพ
วิทยาศาสตร์การแพทย์ และสุขภาพ
WF225 ว473C ฉ.4 
  Barcode: 032536
ห้องสมุดวิทยาเขตสวรรค์ประชารักษ์
►ส่วนจัดเก็บหนังสือเก่า สปร
บนชั้น
  ขอยืม

รายการใกล้เคียง
    ผู้แต่ง [วิวัฒนา ถนอมเกียรติ]

    หัวเรื่อง [Diagnostic Imaging]
    หัวเรื่อง [Radiography]

BibComment


ยังไม่เคยถูกคอมเมนท์

คอมเมนท์ทรัพยากรรายการนี้
  คอมเมนท์: Chest Xray กรณี..


 Copyright 2026. Bcnsprnw @Library